<?xml version="1.0" encoding="UTF-8"?>
<record
    xmlns:xsi="http://www.w3.org/2001/XMLSchema-instance"
    xsi:schemaLocation="http://www.loc.gov/MARC21/slim http://www.loc.gov/standards/marcxml/schema/MARC21slim.xsd"
    xmlns="http://www.loc.gov/MARC21/slim">

  <leader>03508nam a2200457 i 4500</leader>
  <controlfield tag="001">EBC4085794</controlfield>
  <controlfield tag="003">MiAaPQ</controlfield>
  <controlfield tag="005">20240121070538.0</controlfield>
  <controlfield tag="006">m     o  d |      </controlfield>
  <controlfield tag="007">cr cnu||||||||</controlfield>
  <controlfield tag="008">151016t20152015mdu     ob    001 0deng|d</controlfield>
  <datafield tag="020" ind1=" " ind2=" ">
    <subfield code="z">9780739198780 (cloth : alk. paper)</subfield>
  </datafield>
  <datafield tag="020" ind1=" " ind2=" ">
    <subfield code="a">9780739198797 (e-book)</subfield>
  </datafield>
  <datafield tag="035" ind1=" " ind2=" ">
    <subfield code="a">(MiAaPQ)EBC4085794</subfield>
  </datafield>
  <datafield tag="035" ind1=" " ind2=" ">
    <subfield code="a">(Au-PeEL)EBL4085794</subfield>
  </datafield>
  <datafield tag="035" ind1=" " ind2=" ">
    <subfield code="a">(CaPaEBR)ebr11125104</subfield>
  </datafield>
  <datafield tag="035" ind1=" " ind2=" ">
    <subfield code="a">(CaONFJC)MIL849189</subfield>
  </datafield>
  <datafield tag="035" ind1=" " ind2=" ">
    <subfield code="a">(OCoLC)928017481</subfield>
  </datafield>
  <datafield tag="040" ind1=" " ind2=" ">
    <subfield code="a">MiAaPQ</subfield>
    <subfield code="b">eng</subfield>
    <subfield code="e">rda</subfield>
    <subfield code="e">pn</subfield>
    <subfield code="c">MiAaPQ</subfield>
    <subfield code="d">MiAaPQ</subfield>
  </datafield>
  <datafield tag="041" ind1="1" ind2=" ">
    <subfield code="a">eng</subfield>
    <subfield code="h">fre</subfield>
    <subfield code="h">eng</subfield>
  </datafield>
  <datafield tag="050" ind1=" " ind2="4">
    <subfield code="a">PN1998.3.P42</subfield>
    <subfield code="b">R37 2015</subfield>
  </datafield>
  <datafield tag="082" ind1="0" ind2=" ">
    <subfield code="a">791.4302/33092</subfield>
    <subfield code="2">23</subfield>
  </datafield>
  <datafield tag="245" ind1="0" ind2="0">
    <subfield code="a">Raoul Peck :</subfield>
    <subfield code="b">power, politics, and the cinematic imagination /</subfield>
    <subfield code="c">edited by Toni Pressley-Sanon and Sophie Saint-Just.</subfield>
  </datafield>
  <datafield tag="264" ind1=" " ind2="1">
    <subfield code="a">Lanham [Maryland] :</subfield>
    <subfield code="b">Lexington Books,</subfield>
    <subfield code="c">[2015]</subfield>
  </datafield>
  <datafield tag="264" ind1=" " ind2="4">
    <subfield code="c">2015</subfield>
  </datafield>
  <datafield tag="300" ind1=" " ind2=" ">
    <subfield code="a">1 online resource (302 pages)</subfield>
  </datafield>
  <datafield tag="336" ind1=" " ind2=" ">
    <subfield code="a">text</subfield>
    <subfield code="2">rdacontent</subfield>
  </datafield>
  <datafield tag="337" ind1=" " ind2=" ">
    <subfield code="a">computer</subfield>
    <subfield code="2">rdamedia</subfield>
  </datafield>
  <datafield tag="338" ind1=" " ind2=" ">
    <subfield code="a">online resource</subfield>
    <subfield code="2">rdacarrier</subfield>
  </datafield>
  <datafield tag="504" ind1=" " ind2=" ">
    <subfield code="a">Includes bibliographical references and index.</subfield>
  </datafield>
  <datafield tag="505" ind1="0" ind2=" ">
    <subfield code="a">Introduction / Sophie Saint-Just and Toni Pressley-Sanon -- History is Too Important to Leave to Hollywood: Colonialism, Genocide and Memory in the Films of Raoul Peck / Alyssa Goldstein Sepinwall -- Disrupting conventional film structure: letters, voice-over, and traumatic irruption in Raoul Peck's films / Joelle Vitiello -- "My story is not a nice story": Sometimes in April (2005) and the Rwandan genocide film / Jane M. Bryce -- Framing the dispersal in diaspora: Raoul Peck, transnational filmmaker / Sophie Saint-Just -- On the edge of silence: l(in)-imaginable and gendered representations of the Rwandan genocide from photography to Raoul Peck's Sometimes in April / Myriam J. A. Chancy -- Haitian national identity and gender in Raoul Peck's Moloch tropical / Tama Hamilton-Wray -- Interrogating images: Lumumba: death of a prophet as reflexive autobiographical documentary / Rachel Gabara -- Postcolonialism and the poetics of pragmatism: Raoul Peck's Fatal assistance and Alain Resnais's Hiroshima mon amour / Alessandra Benedicty-Kokken -- "Haiti mon amour" / John P. Walsh -- Lot Bo and Anba Dlo: the dialectics of Raoul Peck's Desounen: dialogue with death / Toni Pressley-Sanon -- Politics, masculinity, and apocalyptic memory in L'homme sur les quais / Martin Munro -- Lessons from the cinema of Raoul Peck / Olivier Barlet; translated by Sophie Saint-Just -- Stolen images or footnotes: keynote address to the 2013 Haitian Studies Association Conference / Raoul Peck; translated by Sophie Saint-Just -- "Beyond help?": address by Raoul Peck, Conference on "Beyond aid: from charity to solidarity", Frankfurt, Germany, February 20, 2014 / Raoul Peck; translated by Alyssa Goldstein Sepinwall.</subfield>
  </datafield>
  <datafield tag="588" ind1=" " ind2=" ">
    <subfield code="a">Description based on print version record.</subfield>
  </datafield>
  <datafield tag="590" ind1=" " ind2=" ">
    <subfield code="a">Electronic reproduction. Ann Arbor, MI : ProQuest, 2015. Available via World Wide Web. Access may be limited to ProQuest affiliated libraries.</subfield>
  </datafield>
  <datafield tag="600" ind1="1" ind2="0">
    <subfield code="a">Peck, Raoul</subfield>
    <subfield code="x">Criticism and interpretation.</subfield>
  </datafield>
  <datafield tag="655" ind1=" " ind2="4">
    <subfield code="a">Electronic books.</subfield>
  </datafield>
  <datafield tag="700" ind1="1" ind2=" ">
    <subfield code="a">Pressley-Sanon, Toni,</subfield>
    <subfield code="e">editor.</subfield>
  </datafield>
  <datafield tag="700" ind1="1" ind2=" ">
    <subfield code="a">Saint-Just, Sophie,</subfield>
    <subfield code="e">editor.</subfield>
  </datafield>
  <datafield tag="776" ind1="0" ind2="8">
    <subfield code="i">Print version:</subfield>
    <subfield code="t">Raoul Peck : power, politics, and the cinematic imagination.</subfield>
    <subfield code="d">Lanham [Maryland] : Lexington Books, [2015]</subfield>
  </datafield>
  <datafield tag="797" ind1="2" ind2=" ">
    <subfield code="a">ProQuest (Firm)</subfield>
  </datafield>
  <datafield tag="856" ind1="4" ind2="0">
    <subfield code="u">https://ebookcentral.proquest.com/lib/bacm-ebooks/detail.action?docID=4085794</subfield>
    <subfield code="z">Click to View</subfield>
  </datafield>
  <datafield tag="999" ind1=" " ind2=" ">
    <subfield code="c">239625</subfield>
    <subfield code="d">239625</subfield>
  </datafield>
</record>
